Statistics for Amino Acid By Functional Group

Click here to take the quiz!

General Stats

  • This quiz has been taken 208 times
  • The average score is 17 of 20

Answer Stats

Nonpolar% Correct
Valine
97%
Glycine
94%
Isoleucine
94%
Leucine
94%
Alanine
92%
Serine
91%
Methionine
89%
Proline
88%
Cysteine
85%
Phenylalanine
85%
Threonine
84%
Histidine
82%
Tryptophan
81%
Tyrosine
79%
Arginine
76%
Lysine
74%
Asparagine
73%
Glutamine
73%
Glutamate
62%
Aspartate
59%

Score Distribution

Percentile by Number Answered

Percent of People with Each Score

Your Score History

You have not taken this quiz